[Event "II Cotroceni Women"]
[Site "Bucharest ROU"]
[Date "2011.03.07"]
[Round "6"]
[White "Muzychuk, Mariya"]
[Black "Cosma, Elena-Luminita"]
[Result "1-0"]
[WhiteTitle "IM"]
[BlackTitle "WGM"]
[WhiteElo "2476"]
[BlackElo "2343"]
[WhiteFideId "14114550"]
[BlackFideId "1201590"]
[EventDate "2011.03.01"]

1. d4 Nf6 2. c4 e6 3. Nc3 Bb4 4. Qc2 c5 5. dxc5 O-O 6. Nf3 Na6 7. a3 Bxc3+ 8.
Qxc3 Nxc5 9. e3 d5 10. b4 Nce4 11. Qb3 Ng4 12. Ra2 e5 13. cxd5 Bf5 14. Bc4 Rc8
15. O-O b5 16. Bxb5 Nc3 17. Bc6 Nxa2 18. Qxa2 Bd3 19. Rd1 e4 20. Nd4 Qd6 21. f4
exf3 22. gxf3 Ne5 23. Qg2 Nxc6 24. dxc6 Bg6 25. f4 f5 26. Bb2 Qe7 27. Qd5+ Rf7
28. Ne6 Re8 29. c7 Bh5 30. Rf1 Be2 31. Rf2 Ba6 32. Nxg7 Rc8 33. Ne6 1-0

[Event "II Cotroceni Women"]
[Site "Bucharest ROU"]
[Date "2011.03.07"]
[Round "6"]
[White "Gunina, Valentina"]
[Black "Socko, Monika"]
[Result "1-0"]
[WhiteTitle "WGM"]
[BlackTitle "GM"]
[WhiteElo "2472"]
[BlackElo "2495"]
[WhiteFideId "4167570"]
[BlackFideId "1106619"]
[EventDate "2011.03.01"]

1. d4 Nf6 2. Nf3 e6 3. c4 d5 4. Nc3 c5 5. cxd5 Nxd5 6. e4 Nxc3 7. bxc3 cxd4 8.
cxd4 Bb4+ 9. Bd2 Bxd2+ 10. Qxd2 O-O 11. Bc4 Nd7 12. O-O b6 13. e5 Bb7 14. Qe3
Rc8 15. Rfc1 Qe7 16. Ng5 Rfd8 17. f4 h6 18. Ne4 Bxe4 19. Qxe4 Nf8 20. Bb3 Rxc1+
21. Rxc1 Qb4 22. Rd1 a5 23. Qd3 a4 24. Qc4 Qxc4 25. Bxc4 Ng6 26. g3 Ne7 27. Bb5
Nd5 28. Rc1 a3 29. Rc4 g5 30. f5 exf5 31. Kf2 Kg7 32. Bc6 f4 33. gxf4 Nxf4 34.
Ra4 Rc8 35. Be4 Rc3 36. Ra7 Kf8 37. d5 Nd3+ 38. Ke3 Nc5+ 39. Kd4 Rh3 40. Bf5 Rf3
41. Ra8+ Kg7 42. e6 Rxf5 43. e7 Rf4+ 44. Ke5 Nd7+ 45. Kd6 Nf6 46. Kc6 Rc4+ 47.
Kb7 b5 48. d6 Re4 49. e8=Q Nxe8 50. d7 Re7 51. Kc6 Re6+ 52. Kc5 Nd6 53. Rb8 Ne4+
54. Kxb5 Rd6 55. d8=Q Rxd8 56. Rxd8 f5 57. Kc4 f4 58. Rd3 f3 59. Kd4 f2 60. Rf3
g4 61. Rf4 Ng5 62. Rxf2 h5 63. Ke3 Kg6 64. Rc2 Nh3 65. Rc3 h4 66. Rxa3 Kf5 67.
Ra5+ Kg6 68. a4 Ng1 69. Ra8 Nf3 70. Rg8+ Kh5 71. a5 Nxh2 72. a6 g3 73. a7 Ng4+
74. Rxg4 1-0

[Event "II Cotroceni Women"]
[Site "Bucharest ROU"]
[Date "2011.03.07"]
[Round "6"]
[White "Muzychuk, Anna"]
[Black "Peptan, Corina-Isabela"]
[Result "1/2-1/2"]
[WhiteTitle "IM"]
[BlackTitle "IM"]
[WhiteElo "2528"]
[BlackElo "2415"]
[WhiteFideId "14111330"]
[BlackFideId "1201930"]
[EventDate "2011.03.01"]

1. e4 c5 2. Nf3 Nc6 3. d4 cxd4 4. Nxd4 g6 5. Nc3 Bg7 6. Be3 Nf6 7. Be2 O-O 8.
O-O d5 9. exd5 Nxd5 10. Nxd5 Qxd5 11. Bf3 Qc4 12. Nxc6 bxc6 13. c3 Rb8 14. Qd2
a5 15. b3 Qxc3 16. Qxc3 Bxc3 17. Rac1 Bb4 18. Bf4 Ba6 19. Bxb8 Bxf1 20. Bf4 Ba6
21. Bxc6 Rd8 22. Bf3 f6 23. g4 Rd7 24. Kg2 Kf7 25. Be3 e5 26. Bc6 Rd8 27. Be4
Rd7 28. h4 Ke6 29. Rc6+ Rd6 30. Rc7 f5 31. gxf5+ gxf5 32. Bf3 Rd7 33. Rxd7 Kxd7
34. Bd5 Be2 35. f3 Bd3 36. Bb6 Kd6 37. Bg8 f4 38. a3 Be1 39. h5 e4 40. fxe4 Ke5 1/2-1/2

[Event "II Cotroceni Women"]
[Site "Bucharest ROU"]
[Date "2011.03.07"]
[Round "6"]
[White "Zatonskih, Anna"]
[Black "Ushenina, Anna"]
[Result "1/2-1/2"]
[WhiteTitle "IM"]
[BlackTitle "IM"]
[WhiteElo "2499"]
[BlackElo "2454"]
[WhiteFideId "14101572"]
[BlackFideId "14110911"]
[EventDate "2011.03.01"]

1. d4 d5 2. c4 c6 3. Nf3 Nf6 4. e3 Bf5 5. Nc3 e6 6. Nh4 Bg6 7. Qb3 Qc7 8. Bd2
Ne4 9. Nxe4 Bxe4 10. f3 dxc4 11. Bxc4 Bd5 12. e4 Bxc4 13. Qxc4 Be7 14. g3 Nd7
15. Ng2 O-O 16. O-O Nb6 17. Qc2 Rfd8 18. Be3 e5 19. Rfd1 Rd7 20. dxe5 Rxd1+ 21.
Rxd1 Qxe5 22. Bd4 Qb5 23. Ne3 Rd8 24. b3 Bf8 25. Kg2 c5 26. Bb2 Rxd1 27. Qxd1
Qd7 28. Qc2 Nc8 29. Nd5 b6 30. Qd2 Qd6 31. h4 h6 32. Qd3 Qc6 33. Qc3 Qd6 34. Qd2
Kh8 35. e5 Qc6 36. Nf4 Kg8 37. a4 Ne7 38. Qd3 Qc8 39. g4 Nc6 40. Qd5 Nd8 41. Qe4
Ne6 42. Nd5 Qd8 43. Kg3 1/2-1/2

[Event "II Cotroceni Women"]
[Site "Bucharest ROU"]
[Date "2011.03.07"]
[Round "6"]
[White "Turova, Irina"]
[Black "Repkova, Eva"]
[Result "1-0"]
[WhiteTitle "IM"]
[BlackTitle "IM"]
[WhiteElo "2428"]
[BlackElo "2446"]
[WhiteFideId "4120876"]
[BlackFideId "14900440"]
[EventDate "2011.03.01"]

1. c4 e6 2. d4 d5 3. Nc3 Nf6 4. cxd5 exd5 5. Bg5 c6 6. e3 Nbd7 7. Bd3 Be7 8. Qc2
O-O 9. Nge2 Re8 10. O-O Nf8 11. f3 Be6 12. Rae1 N6d7 13. Bxe7 Qxe7 14. e4 dxe4
15. fxe4 c5 16. d5 c4 17. dxe6 Qxe6 18. Nd4 Qb6 19. Qf2 cxd3 20. Nd5 Qd8 21.
Qxf7+ Kh8 22. Nf5 Qg5 23. Nde7 Nf6 24. e5 N8d7 25. exf6 Nxf6 26. Kh1 d2 27. Rd1
Rad8 28. Nd6 Rf8 29. Qe6 h6 30. Nf7+ Rxf7 31. Qxf7 Ne4 32. Ng6+ Kh7 33. Nf8+ Kh8
34. Ne6 Qh4 35. Qxg7# 1-0

[Event "II Cotroceni Women"]
[Site "Bucharest ROU"]
[Date "2011.03.09"]
[Round "7"]
[White "Repkova, Eva"]
[Black "Muzychuk, Mariya"]
[Result "0-1"]
[WhiteTitle "IM"]
[BlackTitle "IM"]
[WhiteElo "2446"]
[BlackElo "2476"]
[WhiteFideId "14900440"]
[BlackFideId "14114550"]
[EventDate "2011.03.01"]

1. e4 c5 2. Nf3 e6 3. d4 cxd4 4. Nxd4 a6 5. Nc3 Qc7 6. g3 Bb4 7. Ne2 Nf6 8. Bg2
Be7 9. O-O Nc6 10. h3 h5 11. Be3 d6 12. a4 g6 13. Qd2 Kf8 14. a5 Nxa5 15. Na4
Nc6 16. Qc3 Kg7 17. Nf4 Bd7 18. Nb6 Rae8 19. Nfd5 Qd8 20. Nxe7 Nxe7 21. Bg5 Ng8
22. Nc4 Bb5 23. Rfd1 Bxc4 24. e5 d5 25. exf6+ Kh7 26. g4 Qc8 27. gxh5 Nh6 28.
hxg6+ Kxg6 29. Qg3 Nf5 30. Qg4 Be2 31. Qxe2 Kxg5 32. Qe5 Qb8 33. f4+ Kg6 34. Ra3
Qxe5 35. fxe5 Rc8 36. Rd2 Rh4 37. Bf1 Nd4 38. Rf2 Rh5 39. Rg3+ Kh6 40. Rg7 Rg5+
41. Rg2 Nf3+ 42. Kf2 Rxg2+ 43. Kxg2 Nxe5 44. c3 Rf8 45. Rg3 Nd7 46. c4 dxc4 47.
Bxc4 Nxf6 48. Rf3 Ne4 49. Rf4 Rg8+ 50. Kh2 Nd6 51. Bd3 f5 52. Rb4 b5 53. Rh4+
Kg7 54. Rf4 Kf6 55. Rf1 Nf7 56. Ra1 Ne5 57. Be2 Rd8 58. Kg2 Rd2 59. Kf1 f4 60.
Rxa6 Rxb2 61. Ra8 Kf5 62. Ra5 b4 63. Bd3+ Kf6 64. Ba6 b3 0-1

[Event "II Cotroceni Women"]
[Site "Bucharest ROU"]
[Date "2011.03.09"]
[Round "7"]
[White "Ushenina, Anna"]
[Black "Turova, Irina"]
[Result "1/2-1/2"]
[WhiteTitle "IM"]
[BlackTitle "IM"]
[WhiteElo "2454"]
[BlackElo "2428"]
[WhiteFideId "14110911"]
[BlackFideId "4120876"]
[EventDate "2011.03.01"]

1. d4 Nf6 2. c4 e6 3. Nc3 Bb4 4. Bg5 h6 5. Bh4 c5 6. d5 Bxc3+ 7. bxc3 d6 8. e3
e5 9. Qc2 Qe7 10. Nf3 Nbd7 11. Nd2 e4 12. Be2 g5 13. Bg3 Nf8 14. h4 Rg8 15. hxg5
hxg5 16. Rb1 Ng6 17. Qa4+ Kf8 18. Qc2 Bf5 19. Kd1 Kg7 20. Kc1 1/2-1/2

[Event "II Cotroceni Women"]
[Site "Bucharest ROU"]
[Date "2011.03.09"]
[Round "7"]
[White "Peptan, Corina-Isabela"]
[Black "Zatonskih, Anna"]
[Result "1/2-1/2"]
[WhiteTitle "IM"]
[BlackTitle "IM"]
[WhiteElo "2415"]
[BlackElo "2499"]
[WhiteFideId "1201930"]
[BlackFideId "14101572"]
[EventDate "2011.03.01"]

1. e4 e6 2. d4 d5 3. exd5 exd5 4. Nf3 Bd6 5. c4 Nf6 6. c5 Be7 7. Bd3 b6 8. cxb6
axb6 9. O-O O-O 10. Ne5 c5 11. Nc3 Bb7 12. Bf4 Nc6 13. Nxc6 Bxc6 14. Qf3 Qd7 15.
Be5 Qg4 16. Qe3 Rfe8 17. h3 Qe6 18. Qg3 g6 19. Rfe1 Ne4 20. Bxe4 dxe4 21. Rad1
Rad8 22. dxc5 Bxc5 23. Bf4 b5 24. a3 b4 25. axb4 Bxb4 26. Qe3 Qf5 27. Rxd8 Rxd8 1/2-1/2

[Event "II Cotroceni Women"]
[Site "Bucharest ROU"]
[Date "2011.03.09"]
[Round "7"]
[White "Socko, Monika"]
[Black "Muzychuk, Anna"]
[Result "0-1"]
[WhiteTitle "GM"]
[BlackTitle "IM"]
[WhiteElo "2495"]
[BlackElo "2528"]
[WhiteFideId "1106619"]
[BlackFideId "14111330"]
[EventDate "2011.03.01"]

1. d4 Nf6 2. c4 e6 3. Nc3 Bb4 4. e3 O-O 5. Ne2 d5 6. a3 Be7 7. cxd5 exd5 8. Ng3
c5 9. Be2 Nc6 10. O-O cxd4 11. exd4 Be6 12. f4 Rc8 13. Be3 Na5 14. f5 Bd7 15.
Rc1 Re8 16. Bf2 Bd6 17. b4 Nc4 18. Bxc4 Rxc4 19. Nxd5 Rxc1 20. Nxf6+ Qxf6 21.
Qxc1 Bxf5 22. Qc4 Bd7 23. d5 Rc8 24. Bc5 Qe5 25. Kh1 f6 26. Qb3 Bxc5 27. bxc5
Rxc5 28. Qxb7 Qxd5 29. Qb8+ Bc8 30. Rb1 h5 31. Ne2 a6 32. h3 Kh7 33. Nf4 Qe4 34.
Rf1 Bb7 35. Kh2 Rc2 36. Rg1 Rf2 37. Kg3 Qe3+ 0-1

[Event "II Cotroceni Women"]
[Site "Bucharest ROU"]
[Date "2011.03.09"]
[Round "7"]
[White "Cosma, Elena-Luminita"]
[Black "Gunina, Valentina"]
[Result "0-1"]
[WhiteTitle "WGM"]
[BlackTitle "WGM"]
[WhiteElo "2343"]
[BlackElo "2472"]
[WhiteFideId "1201590"]
[BlackFideId "4167570"]
[EventDate "2011.03.01"]

1. d4 d5 2. c4 c6 3. cxd5 cxd5 4. Nf3 Nf6 5. Nc3 Nc6 6. Bf4 e6 7. e3 Be7 8. Bd3
O-O 9. Ne5 Nd7 10. Rc1 Ndxe5 11. Bxe5 Nxe5 12. dxe5 Bd7 13. O-O Qb6 14. Qg4 Rfd8
15. Rc2 g6 16. Rfc1 Rac8 17. h3 Rc6 18. Qe2 a6 19. Nb1 d4 20. exd4 Rxc2 21. Rxc2
Qxd4 22. Rc4 Qb6 23. Nc3 Bc6 24. h4 Bc5 25. Be4 Bb5 26. Nxb5 Bxf2+ 27. Kh1 axb5
28. Rc2 Bxh4 29. Rd2 Rxd2 30. Qxd2 Bg3 31. Qe2 Qd4 32. Bxb7 Qh4+ 0-1

[Event "II Cotroceni Women"]
[Site "Bucharest ROU"]
[Date "2011.03.10"]
[Round "8"]
[White "Muzychuk, Mariya"]
[Black "Gunina, Valentina"]
[Result "1/2-1/2"]
[WhiteTitle "IM"]
[BlackTitle "WGM"]
[WhiteElo "2476"]
[BlackElo "2472"]
[WhiteFideId "14114550"]
[BlackFideId "4167570"]
[EventDate "2011.03.01"]

1. d4 d5 2. c4 c6 3. Nc3 Nf6 4. Nf3 dxc4 5. a4 Bf5 6. Ne5 Nbd7 7. Nxc4 Nb6 8.
Ne5 a5 9. f3 Nfd7 10. e4 Nxe5 11. dxe5 Qxd1+ 12. Kxd1 Be6 13. Kc2 f6 14. Rb1 Nc4
15. b4 fxe5 16. Bxc4 Bxc4 17. bxa5 Ba6 18. Na2 Bc4 19. Nc3 Ba6 20. Na2 Bc4 1/2-1/2

[Event "II Cotroceni Women"]
[Site "Bucharest ROU"]
[Date "2011.03.10"]
[Round "8"]
[White "Muzychuk, Anna"]
[Black "Cosma, Elena-Luminita"]
[Result "1-0"]
[WhiteTitle "IM"]
[BlackTitle "WGM"]
[WhiteElo "2528"]
[BlackElo "2343"]
[WhiteFideId "14111330"]
[BlackFideId "1201590"]
[EventDate "2011.03.01"]

1. e4 e6 2. d4 d5 3. Nd2 c5 4. Ngf3 Nf6 5. exd5 exd5 6. Bb5+ Bd7 7. Bxd7+ Nbxd7
8. O-O Be7 9. dxc5 Nxc5 10. Nd4 Qd7 11. N2b3 Nce4 12. f3 Nd6 13. Nc5 Qc8 14. Nd3
O-O 15. Re1 Bd8 16. Bf4 Nc4 17. b3 Na5 18. Qd2 Bb6 19. Be3 Re8 20. Bf2 Rxe1+ 21.
Rxe1 Nc6 22. Nxc6 bxc6 23. Qf4 Bxf2+ 24. Kxf2 Qd8 25. Qe3 Qd6 26. g3 Qa3 27. Qc5
Qxc5+ 28. Nxc5 Kf8 29. g4 Rd8 30. Re3 Nd7 31. Rc3 Nb8 32. b4 Re8 33. h4 Re7 34.
Nb3 Rb7 35. a3 g6 36. Nd4 Re7 37. b5 cxb5 38. Rc8+ Re8 39. Rxe8+ Kxe8 40. Nxb5
Nc6 41. Nc7+ Kd7 42. Nxd5 Kd6 43. Nf6 Nd4 44. Nxh7 Nxc2 45. a4 a5 46. Ng5 Ke7
47. Ne4 f5 48. gxf5 gxf5 49. Nc5 Kf6 50. Nb3 Nb4 51. Ke3 Nd5+ 52. Kd4 Nb6 53.
Nc5 Kg6 54. Ke5 Nc4+ 55. Kf4 Nb6 56. Ke5 Nc4+ 57. Kd5 Ne3+ 58. Ke6 Nc2 59. Nb3
Ne1 60. Nxa5 Nxf3 61. Nb3 Nxh4 62. a5 Ng2 63. a6 Nf4+ 64. Kd6 1-0

[Event "II Cotroceni Women"]
[Site "Bucharest ROU"]
[Date "2011.03.10"]
[Round "8"]
[White "Turova, Irina"]
[Black "Peptan, Corina-Isabela"]
[Result "1/2-1/2"]
[WhiteTitle "IM"]
[BlackTitle "IM"]
[WhiteElo "2428"]
[BlackElo "2415"]
[WhiteFideId "4120876"]
[BlackFideId "1201930"]
[EventDate "2011.03.01"]

1. d4 Nf6 2. c4 e6 3. Nc3 Bb4 4. Qc2 c5 5. dxc5 O-O 6. a3 Bxc5 7. Nf3 b6 8. Bg5
Bb7 9. e3 Be7 10. Be2 d6 11. O-O Nbd7 12. Rfd1 a6 13. Bf4 Qc7 14. e4 Rac8 15.
Rac1 Rfd8 16. Qb1 Qb8 17. b4 Ng4 18. Nd2 Nge5 19. Be3 Bf6 20. Qb3 Ng6 21. Na4
Ba8 22. Nc3 Bb7 23. Na4 Ba8 1/2-1/2

[Event "II Cotroceni Women"]
[Site "Bucharest ROU"]
[Date "2011.03.10"]
[Round "8"]
[White "Repkova, Eva"]
[Black "Ushenina, Anna"]
[Result "0-1"]
[WhiteTitle "IM"]
[BlackTitle "IM"]
[WhiteElo "2446"]
[BlackElo "2454"]
[WhiteFideId "14900440"]
[BlackFideId "14110911"]
[EventDate "2011.03.01"]

1. e4 c5 2. Nf3 Nc6 3. d4 cxd4 4. Nxd4 Nf6 5. Nc3 d6 6. Be2 e5 7. Nb3 Be7 8. Be3
Be6 9. Bf3 O-O 10. g4 a5 11. Nd5 a4 12. Nd2 Bxd5 13. exd5 Nb4 14. c4 Nd3+ 15.
Kf1 Nxb2 16. Qc2 a3 17. h4 Qc8 18. Bg5 Re8 19. Bxf6 Bxf6 20. g5 Be7 21. Be4 g6
22. h5 Kg7 23. f4 Qg4 24. fxe5 dxe5 25. Nf3 Qf4 26. Rh4 Qg3 27. Qf2 Qxf2+ 28.
Kxf2 Nxc4 29. Rah1 Bc5+ 30. Ke2 Nd6 31. hxg6 hxg6 32. Rh7+ Kf8 33. Bxg6 fxg6 34.
Nh4 Kg8 35. Nxg6 Nf7 36. d6 Bxd6 37. Nh8 Nxh8 38. Rxh8+ Kf7 39. g6+ Kf6 40. Rf1+
Ke6 41. Rh7 Re7 42. g7 Rg8 43. Rh6+ Kd7 44. Rb1 Rexg7 45. Rxb7+ Kc6 46. Rb1 Rg1
47. Rb4 R1g6 48. Rc4+ Kd5 49. Rhh4 Rh8 50. Kd3 Rxh4 51. Rxh4 Rg2 52. Rd4+ Ke6 0-1

[Event "II Cotroceni Women"]
[Site "Bucharest ROU"]
[Date "2011.03.11"]
[Round "9"]
[White "Peptan, Corina-Isabela"]
[Black "Repkova, Eva"]
[Result "1/2-1/2"]
[WhiteTitle "IM"]
[BlackTitle "IM"]
[WhiteElo "2415"]
[BlackElo "2446"]
[WhiteFideId "1201930"]
[BlackFideId "14900440"]
[EventDate "2011.03.01"]

1. e4 e6 2. d4 d5 3. Nd2 c5 4. exd5 Qxd5 5. Ngf3 cxd4 6. Bc4 Qd6 7. O-O Nf6 8.
Nb3 Nc6 9. Nbxd4 Nxd4 10. Qxd4 Bd7 11. Bf4 Qxd4 12. Nxd4 Rc8 13. Bb3 Bc5 14.
Rad1 O-O 15. Rfe1 Rfd8 1/2-1/2

[Event "II Cotroceni Women"]
[Site "Bucharest ROU"]
[Date "2011.03.11"]
[Round "9"]
[White "Socko, Monika"]
[Black "Turova, Irina"]
[Result "1/2-1/2"]
[WhiteTitle "GM"]
[BlackTitle "IM"]
[WhiteElo "2495"]
[BlackElo "2428"]
[WhiteFideId "1106619"]
[BlackFideId "4120876"]
[EventDate "2011.03.01"]

1. c4 c5 2. Nc3 Nc6 3. g3 g6 4. Bg2 Bg7 5. Nf3 Nf6 6. O-O O-O 7. d3 d6 8. a3 a6
9. Rb1 Rb8 10. Bd2 Bd7 11. h3 e5 12. e4 h6 13. Kh2 Kh7 14. Qe2 Qe7 15. b4 cxb4
16. axb4 b5 17. cxb5 axb5 18. Rfc1 Rfc8 19. Nd1 Nd8 20. Rxc8 Rxc8 21. Rc1 Rxc1
22. Bxc1 Nc6 23. Bd2 1/2-1/2

[Event "II Cotroceni Women"]
[Site "Bucharest ROU"]
[Date "2011.03.11"]
[Round "9"]
[White "Cosma, Elena-Luminita"]
[Black "Zatonskih, Anna"]
[Result "1/2-1/2"]
[WhiteTitle "WGM"]
[BlackTitle "IM"]
[WhiteElo "2343"]
[BlackElo "2499"]
[WhiteFideId "1201590"]
[BlackFideId "14101572"]
[EventDate "2011.03.01"]

1. e4 e6 2. d4 d5 3. exd5 exd5 4. Bd3 Bd6 5. Nf3 Nf6 6. O-O O-O 7. Bg5 Bg4 8.
Nbd2 c6 9. c3 Nbd7 10. Qc2 Qc7 11. Rfe1 Bh5 12. Bh4 Bg6 13. Bxg6 hxg6 14. Bg3
Rfe8 15. Bxd6 Qxd6 16. h3 Rxe1+ 17. Rxe1 Re8 18. Rxe8+ Nxe8 19. Qd1 Kf8 20. Qe2
Qe7 21. Kf1 1/2-1/2